| 000 | 02062cam a2200313 a 4500 | ||
|---|---|---|---|
| 003 | OSt | ||
| 005 | 20210201105027.0 | ||
| 008 | 020205s2000 ck ad r 000 0 spa d | ||
| 020 | _a9586482294 | ||
| 040 |
_aCO-BoPUJ _cCO-JMCR |
||
| 041 | 1 |
_aspa _heng |
|
| 082 | 0 | 4 |
_a658.408 / _bE645d _223 |
| 100 | 1 |
_aEpstein, Marc J., _eautor _912934 |
|
| 245 | 1 | 3 |
_aEl desempeño ambiental en la empresa : _bprácticas para costear y administrar una estrategia de protección ambiental / _cMarc J. Epstein ; traducción Samuel Alberto Mantilla Blanco |
| 250 | _aPrimera edición | ||
| 260 |
_aBogotá : _bEcoe, _c2000 |
||
| 300 |
_axli, 306 páginas : _bilustraciones, gráficas a blanco y negro ; _c24 cm. |
||
| 490 | 0 |
_aColección textos universitarios : _aÁrea contabilidad |
|
| 500 | _aColección Hernando Bermúdez Gómez, copia 1. | ||
| 504 | _aBibliografía paginas 293-306. | ||
| 505 | 0 | _aImportancia de la estrategia ambiental de la empresa y cómo desarrolla -- Minimización de los impactos ambientales -- Sistema para identificar y administrar los impactos ambientales en la empresa -- Sistema de información para la presentación de reportes internos -- Sistema de auditoría ambiental interna -- Sistema de presentación de reportes externos y auditorías ambientales -- Sistema de costo -- Sistema de inversión para prevenir la contaminación -- Sistema de evaluación del desempeño Implementación de una estrategia ambiental en la empresa -- Regulaciones que gobiernan la presentación de reportes ambientales -- Breve revisión de auditoria social, la contabilidad ambiental, y análisis costo-beneficio | |
| 534 | _tMeasuring corporate environmental performance. | ||
| 650 | 2 | 4 |
_aAdministración industrial _xAspectos ambientales _xAnálisis de costos _912935 |
| 650 | 2 | 4 |
_aAuditoría ambiental _912936 |
| 650 | 2 | 4 |
_aPlanificación estratégica _xAspectos ambientales _xAnálisis de costos _912937 |
| 650 | 2 | 4 |
_aProtección del medio ambiente _912938 |
| 700 | 1 |
_aMantilla Blanco, Samuel Alberto, _etraductor _911310 |
|
| 942 |
_2ddc _cBK |
||
| 999 |
_c7081 _d7081 |
||